00707cam a2200205 a 450000100100000000500170001000800410002704000290006808200170009724501000011426000530021430000200026765000440028765000310033170000420036270000440040470000170044870000180046570000180048300001390320200929163407.0750910s1963 onc 000 0 eng  aDO-SdBNPbengcLCdBNPHU a340.7bC456L00aChanging legal objectives :bessays /cJ.A. Corry ... [et al.] ; edición R. St. J. Macdonald. a[Toronto] :bUniversity of Toronto Press,c1963. a85 p. ;c23 cm. 4aDerechoxEstudio y enseñanzazCanada. 4aDerecho públicozCanada.1 aMacdonald, Ronald St. J.,d1928-eed.1 aCorry, J. A.q(James Alexander),d1899-1 aDevlin, Lord1 aMcruer, J. C.1 aWright, C. A.